| 000 | 01271nam a22003617a 4500 | ||
|---|---|---|---|
| 003 | CHAP | ||
| 005 | 20220329142302.0 | ||
| 008 | 000511d2000 mx r 00110 spa d | ||
| 010 | _a81062 | ||
| 011 | _a82034 | ||
| 035 | _a92519 | ||
| 040 | _cCHAP | ||
| 090 | _aTesis | ||
| 100 | 0 | 0 |
_aPérez Soto, Ma. Teresa. _990047 |
| 245 | 1 | 0 |
_aSituación actual y perspectivas para la producción de tequila en México _c/por Ma. Teresa Pérez Soto |
| 260 |
_aChapingo, Méx. : _bEl autor, _c2000. |
||
| 300 |
_a78 h. : _bgráfs. ; cuadros |
||
| 502 | _aTesis (M.C. en Economía del Desarrollo Rural) -- UACH. División de Ciencias Económico Administrativas | ||
| 590 |
_aALEPH _b10 _c20130110 _lUCH01 _h1435 |
||
| 590 |
_aBATCH-UPD _b10 _c20130110 _lUCH01 _h1115 |
||
| 590 |
_aBATCH-UPD _b10 _c20130410 _lUCH01 _h0705 |
||
| 590 |
_aBATCH-UPD _b10 _c20130913 _lUCH01 _h2007 |
||
| 590 |
_aCONVERSION _b10 _c20130109 _lUCH01 _h1345 |
||
| 650 | 1 | 4 |
_aAgave. _91069 |
| 650 | 1 | 4 |
_aComercio internacional. _925641 |
| 650 | 1 | 4 |
_aTequila _xExportación. _9112339 |
| 650 | 1 | 4 |
_aTequila _xMercadeo. _9112342 |
| 901 | _aBK | ||
| 905 | _aGuadalupe Pinto C. | ||
| 942 | _cFOLL | ||
| 949 |
_bBC _cTES _d33724000780649 _eTS2 _fc.2 _h36210 _i92519 _si |
||
| 949 |
_bBC _cTES _d925191 _eTS1 _h36209 _i92519 _sb |
||
| 999 |
_c81062 _d81062 |
||